| 000 | 00767nam a22001817a 4500 | ||
|---|---|---|---|
| 005 | 20251108165820.0 | ||
| 008 | 250721s1990 xx 000 0 ara d | ||
| 082 | 1 | 4 | _aم/529.3/عبد |
| 100 | 1 | _aهاشم، عبد العزيز سعيد | |
| 245 | 1 | 0 | _aالتوفيقات العلية في موافقة الشهور العربية بالشهور الميلادية للقرنين الرابع عشر والخامس عشر الهجري مع اسم اليوم الذي يولد فيه الهلال لكل شهر قمري / |
| 264 | 1 |
_aالقاهرة : _bمكتبة وهبة، _c1990. |
|
| 300 | _a415ص | ||
| 650 | 1 | 7 | _aالتقاويم |
| 650 | 1 | 7 | _aالتقويم الهجري |
| 650 | 1 | 7 | _aالتقويم الميلادي |
| 942 |
_2ddc _cREF |
||
| 999 |
_c32004 _d32004 |
||